000 00402nam a2200145Ia 4500
008 211118s9999||||xx |||||||||||||| ||und||
082 _a894.8123
_bNAL-P
100 _aNalapatt, Suvarna
245 0 _aPadmasindhu
260 _bMathrubhoomi Pub
_aCalicut
_c1996
300 _a144p
630 _xMalayalam NovelGeneral Stack
650 _aMalayalam Literature
_vMalayalam FictionMalayalam
942 _cBOOK
999 _c95779
_d95779